La transición del libro como objeto de comunicación visual y cultura digital (Record no. 173879)
[ view plain ]
| 000 -CABECERA | |
|---|---|
| campo de control de longitud fija | 01601nab a2200301 a 4500 |
| 005 - FECHA Y HORA DE LA ÚLTIMA TRANSACCIÓN | |
| campo de control | 20210219162313.0 |
| 008 - ELEMENTOS DE LONGITUD FIJA--INFORMACIÓN GENERAL | |
| campo de control de longitud fija | 991125s1985 mx 000 0 spa u |
| 035 ## - NÚMERO DE CONTROL DEL SISTEMA | |
| Número de control de sistema | UPN01000201778 |
| 049 ## - COLECCIÓN | |
| Colección | ART |
| 100 1# - ASIENTO PRINCIPAL--NOMBRE PERSONAL | |
| Nombre de persona | Alvarado Durán, Verónica |
| 100 1# - ASIENTO PRINCIPAL--NOMBRE PERSONAL | |
| Filiación | veroaldu@gmail.com |
| 100 1# - ASIENTO PRINCIPAL--NOMBRE PERSONAL | |
| Nombre de persona | Ruíz Figueroa, María de la Luz |
| 100 1# - ASIENTO PRINCIPAL--NOMBRE PERSONAL | |
| Filiación | mlruiz@bolivar.usb.mx |
| 100 1# - ASIENTO PRINCIPAL--NOMBRE PERSONAL | |
| Nombre de persona | Macías Zavala, Lourdes Oyuki |
| 100 1# - ASIENTO PRINCIPAL--NOMBRE PERSONAL | |
| Filiación | lourdesoyuki@gmail.com |
| 222 #0 - TÍTULO CLAVE | |
| Título clave | INVESTIGACI0N UNIVERSITARIA MULTIDISCIPLINARIA : REVISTA DE INVESTIGACION DE LA UNIVERSIDAD SIMON BOLIVAR |
| 245 03 - MENCIÓN DE TÍTULO | |
| Título | La transición del libro como objeto de comunicación visual y cultura digital |
| 260 ## - PUBLICACIÓN, DISTRIBUCIÓN, ETC. | |
| Lugar de publicación, distribución, etc. | México |
| 300 ## - DESCRIPCIÓN FÍSICA | |
| Extensión | 69-76 |
| 362 0# - FECHAS DE PUBLICACIÓN Y/O DESIGNACIÓN SECUENCIAL | |
| Fecha de publicación y/o designación secuencial | 2013 Año 12, número 12, enero-diciembre |
| 520 ## - NOTA DE RESUMEN, ETC. | |
| Sumario, etc. | Este trabajo tiene como objetivo exponer brevemente la transición del libro impreso al libro electrónico, su proceso de transformación, de evolución y la importancia que representa en el ámbito cultural. Particularmente, interesa hacer una reflexión sobre la construcción y los valores culturales del libro impreso, así como identificar cuáles de estos valores se conservan y trascienden a su formato electrónico, en esta exploración por los procesos de construcción en el libro, se busca destacar su propósito primordial: la generación de conocimiento y la renovación continua de la cultura |
| 653 0# - TERMINO DE INDIZACION - NO CONTROLADO | |
| Término no controlado | LIBRO IMPRESO |
| 653 0# - TERMINO DE INDIZACION - NO CONTROLADO | |
| Término no controlado | LIBRO ELECTRONICO |
| 653 0# - TERMINO DE INDIZACION - NO CONTROLADO | |
| Término no controlado | CULTURA |
| 653 0# - TERMINO DE INDIZACION - NO CONTROLADO | |
| Término no controlado | CONOCIMIENTO |
| 856 4# - LOCALIZACIÓN Y ACCESO ELECTRÓNICOS | |
| Identificador Uniforme del Recurso | <a href="http://dialnet.unirioja.es/servlet/articulo?codigo=4745364">http://dialnet.unirioja.es/servlet/articulo?codigo=4745364</a> |
| 905 ## - TIPO DE MATERIAL | |
| Tipo de material | Articulo |
No items available.
